Представление документа в формате RUSMARC

ПолеНазваниеЗначение
  Тип записи a
  Библиографический уровень a
001 Контрольный номер RU/УОНБ/EK_Kray/587841360
005 Дата корректировки 20240131004927.9
100 Данные общей обработки __
a Данные общей обработки 20180817d2018 ||| 0rusy0189 ca
101 Язык документа 0_
a Язык текста rus
102 Страна публикации __
a Страна публикации RU
105 Кодированные данные (монография) __
a Кодированные данные (монография) y###||||000|y
200 Заглавие и сведения об ответственности 1_
a Заглавие Отец Акакий
f Первые сведения об ответственности Надежда Разумовская
215 Физическое описание __
c Иллюстрации/тип воспроизводства фот
225 Серия __
a Серия Дорога к храму
330 Аннотация __
a Аннотация Воспоминания о паломнических поездках в монастыри Грузии.
461 Уровень набора _0
1 001RU/УОНБ/EK/432749072
1 2001
a Симбирскъ
e лит. журн.
v № 3 (57)
1 2101
a Ульяновск
c МедиаЦентр
d 2018
463 Уровень физической единицы _0
1 001RU/УОНБ/EK/576164515
1 2000
a № 3 (57)
v С. 27-34.
600 Персоналии _1
a Персоналии (Фамилия) Отец Гавриил Ургебадзе
600 Персоналии _1
a Персоналии (Фамилия) Отец Акакий
610 Ключевые слова 0_
a Ключевые слова паломнические поездки
610 Ключевые слова 0_
a Ключевые слова монастыри
610 Ключевые слова 0_
a Ключевые слова старцы
610 Ключевые слова 0_
a Ключевые слова духовные отцы
610 Ключевые слова 0_
a Ключевые слова священнослужители
686 Индексы других классификаций __
a Классификационный индекс 86.3-66
2 Код системы rubbk
700 Автор _1
a Фамилия Разумовская
b Имя (инициалы) Н.
g Полное личное имя Надежда
4 Код отношения 070
801 Источник записи _0
a Страна RU
b Организация Ульяновская ОНБ
c Дата составления 20180817
g Правила каталогизации RCR
801 Источник записи _1
a Страна RU
b Организация Ульяновская ОНБ
c Дата составления 20180817
g Правила каталогизации RCR
901 Тип документа __
t Тип документа c
w Контрольный № источника RU/УОНБ/EK/576164515
909 Создатель записи __
a Создатель записи Морозова Н.А.
938 Служебная информация __
a Имя БД kraeved_work
b Имя библиотеки УОНБ
c Имя АИБС МАРК-SQL
d Номер DOC_ID в БД 133070